The Noble Books of Wisdom in Poland in the 18th Century
| Titel: | The Noble Books of Wisdom in Poland in the 18th Century |
|---|---|
| Verfasser: | |
| In: |
Notions of the self, (2012), Seite 151-160 alle Artikel anzeigen |
| Veröffentlicht: | 2012 |
| Format: | Aufsatz |
| Sprache: | Englisch |
X
alg: 39176284
001A $01999:11-11-16
001B $01999:15-05-21 $t21:03:44.000
001D $01999:11-11-16
001U $0utf8
001X $00
002@ $0Aox
003@ $0391762842
007A $0391762842 $aHEB
007T $0Herdc0097945m
010@ $aeng
011@ $a2012
021A $aThe @Noble Books of Wisdom in Poland in the 18th Century
028A $71047449226 $8Roszak, Stanisław$Z1966- [Tp3] $9336368828
031A $h151-160 $j2012
039B $aIn $8--Aau--. Notions of the self. - Zielona Góra {[u.a.] : Uniw. Zielonogórski {[u.a.], 2012. - 197 S.. - Ill.. - ISBN 978-83-7842-018-7 $x201200000000000849 $9313453519
045F $a020.9438 $eDDC23BSB
045F/01 $a020
045F/03 $g438
lok: 39176284 78
exp: 39176284 78 1 #EPN
201B/01 $019-04-17 $t10:22:44.000
201U/01 $0utf8
203@/01 $078785770X
208@/01 $a11-11-16 $be
209A/01 $a/ $f000 $x00
220C/01 $aTitelaufnehmer: pg
220C/01 $aHerkunft: HI Marburg
220C/01 $aAnmerkung: *NG
244Z/01 $2Trx $#Poola $#Lenkija $#Polija $#Polen Land $#Poland $#Lengyelország $#Poľsko $#Polsko $8--Trx--Polska$gkraj $x01 $9391345966
244Z/01 $aGeschichte 1700-1800 $x02
244Z/01 $2Trx $8--Trx--Einzelbeiträge $x03 $9391384570
245Z/01 $a11.06 $x01
247C/01 $82080>Marburg/Lahn, Herder-Institut, Forschungsbibliothek, Bibliographieportal $9336309341
| LEADER | 00000caa a22000002c 4500 | ||
|---|---|---|---|
| 001 | 391762842 | ||
| 003 | DE-603 | ||
| 005 | 20210515210344.0 | ||
| 007 | tu | ||
| 008 | 161111s2012 xx |||| | u00||u|eng c | ||
| 035 | |a (DE-599)HEB391762842 | ||
| 040 | |a DE-603 |b ger |c DE-603 |d DE-603 | ||
| 041 | |a eng | ||
| 082 | 0 | 4 | |8 1\u |a 020.9438 |q DE-101 |2 23/BSB |
| 085 | |8 1\u |b 020 | ||
| 085 | |8 1\u |z 2 |s 438 | ||
| 100 | 1 | |a Roszak, Stanisław |d 1966- |0 (DE-603)336368828 |0 (DE-588)1047449226 |2 gnd | |
| 245 | 0 | 0 | |a The Noble Books of Wisdom in Poland in the 18th Century |
| 264 | 0 | |c 2012 | |
| 773 | 0 | 8 | |i In |t Notions of the self |d Zielona Góra [u.a.] : Uniw. Zielonogórski [u.a.], 2012 |h 197 S., Ill. |z 9788378420187 |g (2012), Seite 151-160 |w (DE-603)313453519 |
| 924 | 0 | |9 2080 |a (DE-603)78785770X |b DE-2080 |c HES |d d |g / | |


